00895nam a2200241Ia 4500003000400000005001700004008004100021020001800062040001800080041000800098082002100106100002700127245006400154250001200218260005000230300003000280650004700310650004700357650003700404942003000441999001900471952016300490OSt20240507141208.0210716s2012 xx 000 0 und d a9780198078838 cAIMIT LIBRARY aeng a374.22 21bMALK aMalik, Khalid.9163598 aWhy has China grown so fast for so long /cBy Khalid Malik. a1st ed. aNew Delhi :bOxford University Press ,c2012. axvii,253p. ;bHBc22.5 cm aA short history of Chinese reforms9163599 aTowards a transformative framework9163600 aProspects for the future9163601 2ddccBKe1stk374.22 MALK c208773d208773 00102ddc40708MBAaAIMITbAIMITd2014-12-11g595.00iBill no:303; Bill dt:2014-12-03l0o374.22 MALKpMBA11339r2026-05-23 00:00:00v476.00w2021-07-16yBK